All Superhero Movies - Statistics

General Stats
  • This quiz has been taken 73 times
  • The average score is 76 of 207
Answer Stats
Hint Answer % Correct
1966 | 1989 Batman
89%
1995 Batman Forever
89%
2002 - Marvel Spider-Man
89%
2012 - Marvel The Amazing Spider-Man
89%
2022 The Batman
89%
2011 - Marvel Captain America: The First Avenger
88%
2008 - Marvel Iron Man
88%
1978 Superman
88%
2010 - Marvel Iron Man 2
84%
2012 - Marvel The Avengers
84%
2000 - Marvel X-Men
84%
2011 - Marvel Thor
83%
2019 - Marvel Avengers: Endgame
81%
2003 - Marvel Hulk
81%
2013 - Marvel Iron Man 3
81%
2008 - Marvel The Incredible Hulk
81%
2016 - Marvel Captain America: Civil War
80%
2004 - Marvel Spider-Man 2
80%
2007 - Marvel Spider-Man 3
80%
2008 The Dark Knight
80%
2017 - Marvel Thor: Ragnarok
80%
2018 - Marvel Avengers: Infinity War
78%
2017 - Marvel Spider-Man: Homecoming
78%
2012 The Dark Knight Rises
77%
2022 - Marvel Thor: Love and Thunder
77%
2013 - Marvel Thor: The Dark World
77%
2015 - Marvel Avengers: Age of Ultron
75%
2018 - Marvel Black Panther
75%
2021 - Marvel Black Widow
75%
1998 - Marvel Blade
75%
2016 - Marvel Deadpool
75%
2016 - Marvel Doctor Strange
75%
2021 - Marvel Spider-Man: No Way Home
75%
2005 Batman Begins
73%
2014 - Marvel Captain America: The Winter Soldier
73%
2014 - Marvel Guardians of the Galaxy
73%
2015 - Marvel Ant Man
72%
2018 - Marvel Deadpool 2
72%
2013 Man of Steel
72%
2017 Wonder Woman
72%
2018 Aquaman
70%
2022 - Marvel Black Panther: Wakanda Forever
70%
2015 - Marvel Fantastic 4
70%
2017 - Marvel Guardians of the Galaxy Vol.2
70%
2023 - Marvel Guardians of the Galaxy Vol. 3
70%
2017 - Marvel Logan
70%
2019 - Marvel Spider-Man: Far From Home
70%
2013 - Marvel The Wolverine
70%
2014 - Marvel X-Men: Days of Future Past
70%
2019 - Marvel Captain Marvel
69%
2005 - Marvel Fantastic Four
69%
2023 The Flash
69%
2011 - Marvel X-Men First Class
69%
2018 - Marvel Ant Man and the Wasp
67%
1992 Batman Returns
66%
2017 Justice League
66%
1980 Superman II
66%
2021 The Suicide Squad
66%
1997 Batman and Robin
64%
2016 Suicide Squad
64%
2014 - Marvel The Amazing Spider-Man 2
64%
2003 - Marvel Daredevil
63%
1983 Superman III
63%
2023 - Marvel The Marvels
61%
2003 - Marvel X2
61%
2006 - Marvel X-Men: The Last Stand
61%
2002 - Marvel Blade II
59%
2021 - Marvel Eternals
59%
2020 Wonder Woman 1984
59%
2016 - Marvel X-Men Apocalypse
59%
2004 - Disney/Pixar The Incredibles
56%
2009 - Marvel X-Men Origins: Wolverine
55%
2016 Batman v Superman: Dawn of Justice
53%
2004 - Marvel Blade Trinity
53%
2019 Shazam!
53%
2007 - Marvel Fantastic Four: Rise of the Silver Surfer
52%
2007 - Marvel Ghost Rider
52%
2018 - Marvel Animated Spider-Man: Into The Spider-Verse
52%
2006 Superman Returns
52%
2018 - Marvel Venom
52%
2023 - Marvel Ant Man and the Wasp: Quantumania
50%
2004 - Marvel The Punisher
48%
2014 - Marvel Animated Big Hero 6
47%
2020 Birds of Prey
47%
2022 - Marvel Doctor Strange in the Multiverse of Madness
47%
2005 - Marvel Elektra
47%
2018 - Disney/Pixar Incredibles 2
47%
2019 Joker
47%
2023 - Marvel Animated Spider-Man: Across The Spider-Verse
47%
2022 Black Adam
45%
2011 Green Lantern
45%
2020 - Marvel The New Mutants
45%
2019 - Marvel Dark Phoenix
44%
2024 - Marvel Deadpool 3
44%
2021 - Marvel Shang Chi and the Legend of the Ten Rings
44%
2021 - Marvel Venom: Let There Be Carnage
42%
2023 Shazam! Fury of the Gods
41%
2004 Catwoman
38%
1988 - Marvel Howard the Duck
38%
2023 Aquaman and the Lost Kingdom
36%
2023 Blue Beetle
36%
2010 - Dreamworks Animated Megamind
34%
2022 - Marvel Morbius
34%
2010 - Illumination Despicable Me
33%
2024 - Marvel Madame Web
30%
1984 Supergirl
30%
2013 - Illumination Despicable Me 2
28%
2009 Watchmen
28%
2017 - Illumination Despicable Me 3
27%
2011 - Marvel Ghost Rider: Spirit of Vengeance
27%
2024 - Marvel Kraven The Hunter
27%
1982 Swamp Thing
27%
2024 - Marvel Captain America: Brave New World
25%
1987 Superman IV: The Quest for Peace
25%
1993 - DC Animated Batman: Mask of the Phantasm
23%
2010 Jonah Hex
22%
2015 - Illumination Minions
22%
2008 - Marvel Punisher: War Zone
20%
2005 Constantine
19%
1997 Steel
19%
1951 Superman and the Mole Men
19%
2024 Joker: Folie a Deux
17%
1990 Teenage Mutant Ninja Turtles
17%
1983 | 1997 - Disney Animated Superhero Hercules
16%
2008 - Dreamworks Animated Kung Fu Panda
16%
2022 - Disney/Pixar Lightyear
16%
2022 - DC Animated DC League of Super-Pets
14%
2011 - Dreamworks Animated Kung Fu Panda 2
14%
2016 - Dreamworks Animated Kung Fu Panda 3
14%
2007 - Warner Bros Animated TMNT
14%
2006 V for Vendetta
14%
2008 - Disney Bolt
13%
2018 - DC Animated Teen Titans Go! To the Movies
13%
1991 The Rocketeer
13%
2022 - Illumination Minions: The Rise of Gru
11%
2003 The League of Extraordinary Gentlemen
11%
1980 Flash Gordon
9%
1999 - Disney Animated Tarzan
9%
1989 The Return of Swamp Thing
9%
2011 - Dreamworks Animated Puss in Boots
8%
2010 Red
8%
2013 Red 2
8%
1990 Darkman
6%
1987 Masters of the Universe
6%
2022 - Dreamworks Animated Puss in Boots: The Last Wish
6%
2019 The Kitchen
6%
2010 The Losers
6%
2005 A History of Violence
5%
1982 Conan the Barbarian
5%
1984 Ghostbusters
5%
2009 - Dreamworks Animated Monsters vs Aliens
5%
2012 - Dreamworks Animated Rise of the Guardians
5%
2002 Road to Perdition
5%
1987 RoboCop
5%
1990 RoboCop 2
5%
1993 RoboCop 3
5%
1994 The Crow
5%
1999 - Animated The Iron Giant
5%
1984 The Toxic Avenger
5%
2009 - Lionsgate Animated Astro Boy
3%
1981 Condorman
3%
1990 Dick Tracy
3%
1970 Hercules in New York
3%
2023 - Dreamworks Animated Ruby Gillman, Teenage Kraken
3%
2007 Stardust
3%
1977 Star Wars
3%
1993 Super Mario Bros.
3%
2023 - Paramount Animated Teenage Mutant Ninja Turtles: Mutant Mayhem
3%
1992 3 Ninjas
2%
1985 Back to the Future
2%
1993 Demolition Man
2%
1989 Ghostbusters II
2%
1989 Indiana Jones and the Last Crusade
2%
1984 Indiana Jones and the Temple of Doom
2%
1993 Last Action Hero
2%
1981 Raiders of the Lost Ark
2%
1985 Red Sonja
2%
1983 Return of the Jedi
2%
2020 - Warner Bros Animated Scoob!
2%
1980 The Empire Strikes Back
2%
2019 - Universal Animated The Secret Life of Pets 2
2%
2023 - Universal Animated The Super Mario Bros. Movie
2%
1984 The Terminator
2%
1989 The Toxic Avenger Part II
2%
1986 - Animated The Transformers: The Movie
2%
1989 Back to the Future Part II
0%
1990 Back to the Future Part III
0%
2020 - Warner Bros Animated Ben 10 Versus the Universe: The Movie
0%
1992 Buffy the Vampire Slayer
0%
1984 Cannonball Run II
0%
1975 Dolemite
0%
1986 - Animated G.I. Joe: The Movie
0%
1972 Now You See Him, Now You Don't
0%
2001 - Animated Osmosis Jones
0%
2012 - Universal Animated ParaNorman
0%
2023 - Paramount Animated PAW Patroi: The Movie
0%
2008 - Warner Bros Animated Star Wars: The Clone Wars
0%
1993 Teenage Mutant Ninja Turtles III
0%
1991 Teenage Mutant Ninja Turtles II: The Secret of the Ooze
0%
1991 Terminator 2: Judgement Day
0%
1981 The Cannonball Run
0%
2002 - Animated The Powerpuff Girls Movie
0%
1987 The Princess Bride
0%
1975 The Strongest Man in the World
0%
1989 The Toxic Avenger Part III: The Last Temptation of Toxie
0%
No matching quizzes found
Score Distribution
Percent of People with Each Score
Percentile by Number Answered
Your Score History
You have not taken this quiz